书目信息 |
| 题名: |
马克思哲学美学思想研究
|
|
| 作者: | 蔡仪 著 | |
| 分册: | ||
| 出版信息: | 长沙 湖南人民出版社 1983 |
|
| 页数: | 394页 | |
| 开本: | 21cm | |
| 丛书名: | ||
| 单 册: | ||
| 中图分类: | A811.63 | |
| 科图分类: | ||
| 主题词: | 马恩著作研究--专题汇编--哲学 | |
| 电子资源: | ||
| ISBN: | ||
| 000 | 00649nam0 2200229 45 | |
| 001 | 0183005672 | |
| 005 | 20070730160513.85 | |
| 010 | @dCNY1.60 | |
| 091 | @a2109.38 | |
| 100 | @a19950627d1983 kmey0chiy0121 ea | |
| 101 | 0 | @achi |
| 102 | @aCN@b430000 | |
| 105 | @ay z 000yy | |
| 200 | 10 | @a马克思哲学美学思想研究@Ama ke si zhe xue mei xue si xiang yan jiu@f蔡仪等著@FCai Yi Deng Zhu |
| 210 | @a长沙@c湖南人民出版社@d1983 | |
| 215 | @a394页@d21cm | |
| 606 | @a马恩著作研究@x专题汇编@x哲学 | |
| 690 | @aA811.63@v3 | |
| 701 | 0 | @a蔡仪@4著 |
| 801 | 0 | @aCN@b上海图书馆@c20070730 |
| 801 | 2 | @aCN@bNLC@c20060718 |
| 905 | @dA811.63@e137@f1@b228228 | |
| 马克思哲学美学思想研究/蔡仪等著.-长沙:湖南人民出版社,1983 |
| 394页;21cm |
| ISBN :CNY1.60 |
| ● |
| 相关链接 |
|
|
|
|
正题名:马克思哲学美学思想研究
索取号:A811.63/137
 
预约/预借
| 序号 | 登录号 | 条形码 | 馆藏地/架位号 | 状态 | 备注 |
| 1 | 0228228 | 000958627 | 第一样本阅览室/ [索取号:A811.63/137] | 在馆 | |
| 2 | 0230937 | 000958583 | 第一借阅区/ [索取号:A811.63/137] | 在馆 | |
| 3 | 0230938 | 000958663 | 第一借阅区/ [索取号:A811.63/137] | 在馆 | |
| 4 | 0424498 | 204244987 | 密集书库/ [索取号:A811.63/137] | 在馆 | |
| 5 | 0787342 | 207873425 | 密集书库/ [索取号:A811.63/137] | 在馆 |